| 000 | 01228nam a2200217 u 4500 | ||
|---|---|---|---|
| 003 | AM-YeHGA | ||
| 005 | 20250617124411.0 | ||
| 008 | 030506s1937 ai r 000 0 arm d | ||
| 040 | _aAM-YeHGA | ||
| 100 | 1 | _aՌոլլան, Ռոմեն | |
| 245 | 1 | 0 |
_aԺան Քրիստոֆ : _b[Վեպ] / _cՌ. Ռոլլան; Թարգմ. Հ. Լևոնյան, Լ. Մարության; Խմբ.՝ Սիրաս, Վ. Միքայելյան, Ա. Հարյան. |
| 246 | 1 | 1 | _aJean Christophe |
| 260 |
_aՅերևան : _bՊետհրատ, _c1937. |
||
| 300 |
_a5 հ. ; _c20 սմ. |
||
| 500 | _aՏողատակի ծանոթագր. | ||
| 505 | 0 | 0 |
_gՀ. 1 (1937, 288 էջ, 1 թ. դիմանկ.) _tI Այգաբաց, II Առավոտհ _gՀ. 2 (1939, 524 էջ) _tIII Պատանեկություն, IV Ընդվզում _gՀ. 3 (1940, 388 էջ) _tV Տոնավաճառը հրապարակում, VI Անտուանետ _gՀ. 4 (1946, 431 էջ) _tVII Տան մեջ, VIII Բարեկամուհիները _gՀ. 5 (1948, 441 էջ) _tIX Բոցավառ մորենի |
| 650 | 1 | 4 |
_aՖրանսիական գրականություն _xՎեպ |
| 856 | 4 |
_uhttp://greenstone.flib.sci.am/gsdl/collect/opac/books/jan.pdf _yԿարդալ առցանց, Հ. 1 _3 |
|
| 942 |
_2udc _cBK |
||
| 090 | _c79431 | ||
| 999 |
_c78184 _d78184 |
||